ՀՀ Գիտությունների ազգային ակադեմիայի հիմնարար գիտական գրադարան  =   Fundamental Scientific Library of NAS RA

Улучшение и использование природных кормовых угодий / (Record no. 458953)

MARC details
000 -LEADER
fixed length control field 00814nam a2200229 a 4500
001 - CONTROL NUMBER
control field 000859296
003 - CONTROL NUMBER IDENTIFIER
control field AM-YEHGA
005 - DATE AND TIME OF LATEST TRANSACTION
control field 20250617160719.0
008 - FIXED-LENGTH DATA ELEMENTS--GENERAL INFORMATION
fixed length control field 120118s1961 ru r 000 0 rus d
040 ## - CATALOGING SOURCE
Original cataloging agency AM-YeHGA
041 0# - LANGUAGE CODE
Language code of text/sound track or separate title rus
090 ## - LOCALLY ASSIGNED LC-TYPE CALL NUMBER (OCLC); LOCAL CALL NUMBER (RLIN)
-- 462021
245 00 - TITLE STATEMENT
Title Улучшение и использование природных кормовых угодий /
Statement of responsibility, etc. А.А. Высоцкий, Н.С. Конюшков, А.П. Мовсисянц, И.А. Цаценкин.
260 ## - PUBLICATION, DISTRIBUTION, ETC.
Place of publication, distribution, etc. М. :
Name of publisher, distributor, etc. Сельхозгиз,
Date of publication, distribution, etc. 1961.
300 ## - PHYSICAL DESCRIPTION
Extent 144 с. :
Other physical details табл., рис. ;
Dimensions 20 см.
650 14 - SUBJECT ADDED ENTRY--TOPICAL TERM
Topical term or geographic name entry element Луга и пастбища
700 1# - ADDED ENTRY--PERSONAL NAME
Personal name Высоцкий, А.А.
700 1# - ADDED ENTRY--PERSONAL NAME
Personal name Конюшков, Н.С.
700 1# - ADDED ENTRY--PERSONAL NAME
Personal name Мовсисянц, А.П.
700 1# - ADDED ENTRY--PERSONAL NAME
Personal name Цаценкин, И.А.
942 ## - ADDED ENTRY ELEMENTS (KOHA)
Source of classification or shelving scheme Universal Decimal Classification
Koha item type Գրքեր / Books
Holdings
Withdrawn status Lost status Source of classification or shelving scheme Damaged status Not for loan Collection Home library Current library Date acquired Total checkouts Full call number Barcode Date last seen Price effective from Koha item type Public note
    Universal Decimal Classification     General Fundamental Scientific Library Fundamental Scientific Library 05/03/2021   PII/45771 FL0642198 05/03/2021 05/03/2021 Գրքեր / Books 30 Days Loan


ՀՀ ԳԱԱ հիմնարար գիտական գրադարան
ՀՀ,Երևան 0019
Մարշալ Բաղրամյան 24/6
հեռախոս:(374-10) 52-47-50
Հետադարձ կապ

All site content, except where otherwise noted, is licensed under a
Creative Commons License